[Event "46th GRE-chT Premier 2018"]
[Site "Rio Achaia"]
[Date "2018.07.12"]
[Round "4"]
[White "Macieja, Bartlomiej"]
[Black "Erdos, Viktor"]
[Result "1-0"]
[WhiteElo "2525"]
[BlackElo "2619"]
[Annotator "TA"]
[PlyCount "77"]
[EventDate "2018.07.10"]
[EventType "team-tourn"]
[EventCountry "GRE"]
[SourceTitle "playchess.com"]
[Source "ChessBase"]
[SourceQuality "1"]

1. e4 e5 2. Nf3 Nc6 3. Bb5 a6 4. Ba4 Nf6 5. O-O b5 6. Bb3 Bb7 7. d3 Be7 8. Nc3 d6 9. a4 b4 10. Nd5 Na5 11. Ba2 Nxd5 12. exd5 b3 13. Qe1 c5 14. Bd2 bxa2 15. Bxa5 Qd7 16. Qe4 Rb8 17. Qc4 Ba8 18. Qxa2 Qb7 19. c4 Qxb2 20. Qxb2 Rxb2 21. Rfb1 Rb7 22. Rxb7 Bxb7 23. Rb1 Bc8 24. Rb8 O-O 25. Nd2 f5 26. Kf1 Re8 27. f3 Bd7 28. Rb6 Bd8 29. Rxa6 Bxa5 30. Rxa5 Kf7 31. Ra7 Ke7 32. a5 Rb8 33. a6 Rb2 34. Ke1 Ra2 35. Ra8 Ba4 36. a7 Ra1+ 37. Kf2 Be8 38. g4 g6 39. g5 1-0

[Event "46th GRE-chT Premier 2018"]
[Site "Rio Achaia"]
[Date "2018.07.12"]
[Round "4"]
[White "Mastrovasilis, Athanasios"]
[Black "Safarli, Eltaj"]
[Result "1/2-1/2"]
[WhiteElo "2497"]
[BlackElo "2667"]
[Annotator "TA"]
[PlyCount "61"]
[EventDate "2018.07.10"]
[EventType "team-tourn"]
[EventCountry "GRE"]
[SourceTitle "playchess.com"]
[Source "ChessBase"]
[SourceQuality "1"]

1. Nf3 Nf6 2. c4 g6 3. Nc3 d5 4. cxd5 Nxd5 5. Qa4+ Nc6 6. Ne5 Qd6 7. Nxc6 Qxc6 8. Qxc6+ bxc6 9. b3 Nxc3 10. dxc3 a5 11. g3 a4 12. Bg2 Ra6 13. bxa4 Bg7 14. Bd2 O-O 15. O-O Be6 16. Bg5 Re8 17. Rfd1 Be5 18. Be4 f6 19. Bf4 Bxf4 20. gxf4 Rb8 21. e3 Rxa4 22. Bxc6 Ra3 23. Bd5 Kf7 24. c4 Rb2 25. Rdb1 Raxa2 26. Rxb2 Rxa1+ 27. Kg2 Ra5 28. e4 c6 29. Bxc6 Bxc4 30. Rc2 Be6 31. f3 1/2-1/2

[Event "46th GRE-chT Premier 2018"]
[Site "Rio Achaia"]
[Date "2018.07.12"]
[Round "4"]
[White "Nedev, Trajko"]
[Black "Kelires, Andreas"]
[Result "1-0"]
[WhiteElo "2490"]
[BlackElo "2530"]
[Annotator "TA"]
[PlyCount "129"]
[EventDate "2018.07.10"]
[EventType "team-tourn"]
[EventCountry "GRE"]
[SourceTitle "playchess.com"]
[Source "ChessBase"]
[SourceQuality "1"]

1. e4 c5 2. Nf3 d6 3. d4 cxd4 4. Nxd4 Nf6 5. Nc3 a6 6. h3 e5 7. Nb3 Be6 8. Be3 Be7 9. Qf3 O-O 10. O-O-O b5 11. g4 b4 12. Nd5 Nxd5 13. exd5 Bc8 14. Kb1 Nd7 15. Nd2 Qc7 16. Ne4 Bb7 17. b3 Rfc8 18. Bc4 a5 19. Qe2 a4 20. Bb5 Nb6 21. Bxb6 Qxb6 22. bxa4 Ba6 23. Rd2 Bxb5 24. Qxb5 Qa7 25. Ka1 Rab8 26. Qd3 Qxa4 27. Qb3 Qa6 28. Rb1 h6 29. Qd3 Qa7 30. Rb3 Ra8 31. Rb2 Qa5 32. Qb3 Rab8 33. Rd1 Rb5 34. Kb1 Qa7 35. h4 Qd7 36. f3 Rbb8 37. h5 Bd8 38. Qd3 Rb7 39. Qa6 Rb6 40. Qd3 Ra8 41. Qc4 Qb7 42. Rd3 Rc8 43. Qb3 Qd7 44. Rd1 Qa7 45. Qe3 Qa5 46. Qd3 Qa8 47. Re1 Qb7 48. f4 Qd7 49. fxe5 dxe5 50. Qf3 Rc4 51. d6 Rd4 52. Rb3 Qe6 53. Qf5 Qc4 54. Qxe5 Bh4 55. g5 Bxg5 56. Nxg5 hxg5 57. Qxg5 Rdxd6 58. Re8+ Kh7 59. Qf5+ g6 60. hxg6+ Rxg6 61. Rh3+ Kg7 62. Qe5+ Rbf6 63. Reh8 Rg1+ 64. Kb2 Qxa2+ 65. Kxa2 1-0

[Event "46th GRE-chT Premier 2018"]
[Site "Rio Achaia"]
[Date "2018.07.12"]
[Round "4"]
[White "Firat, Burak"]
[Black "David, Alberto"]
[Result "1/2-1/2"]
[WhiteElo "2452"]
[BlackElo "2549"]
[Annotator "TA"]
[PlyCount "54"]
[EventDate "2018.07.10"]
[EventType "team-tourn"]
[EventCountry "GRE"]
[SourceTitle "playchess.com"]
[Source "ChessBase"]
[SourceQuality "1"]

1. e4 c6 2. d4 d5 3. Nc3 dxe4 4. Nxe4 Nf6 5. Qd3 Qd5 6. Nc3 Qa5 7. Bd2 Na6 8. Ne4 Qd5 9. Nxf6+ exf6 10. c4 Qe6+ 11. Be2 Bd6 12. c5 Bb8 13. Nf3 O-O 14. O-O Rd8 15. Rfe1 Qd5 16. Qb3 Qxb3 17. axb3 Nc7 18. Bf4 Bg4 19. Bc4 Ne6 20. Bxb8 Raxb8 21. Rxa7 Kf8 22. Bxe6 Bxe6 23. b4 Bd5 24. Nd2 Be6 25. Nf3 Bd5 26. Nd2 Be6 27. Nf3 Bd5 1/2-1/2

[Event "46th GRE-chT Premier 2018"]
[Site "Rio Achaia"]
[Date "2018.07.12"]
[Round "4"]
[White "Barski, Radoslaw"]
[Black "Nikolaidis, Konstantinos"]
[Result "1-0"]
[WhiteElo "2431"]
[BlackElo "2182"]
[Annotator "TA"]
[PlyCount "53"]
[EventDate "2018.07.10"]
[EventType "team-tourn"]
[EventCountry "GRE"]
[SourceTitle "playchess.com"]
[Source "ChessBase"]
[SourceQuality "1"]

1. e4 e5 2. Bc4 Nf6 3. d3 Nc6 4. Nf3 Bc5 5. O-O O-O 6. c3 d6 7. Bb3 h6 8. Re1 a6 9. h3 Re8 10. Nbd2 Be6 11. Nf1 d5 12. Qe2 d4 13. Ng3 Qd7 14. Bxe6 Rxe6 15. b4 Bb6 16. Bd2 dxc3 17. Bxc3 Rd8 18. Red1 Nh7 19. Nf5 Ng5 20. Nxg5 hxg5 21. Qg4 f6 22. h4 g6 23. Nh6+ Kh7 24. hxg5 Rd6 25. gxf6 Bxf2+ 26. Kxf2 Rxf6+ 27. Nf5 1-0

[Event "46th GRE-chT Premier 2018"]
[Site "Rio Achaia"]
[Date "2018.07.12"]
[Round "4"]
[White "Morozov, Nichita"]
[Black "Giannoulakis, Lampros"]
[Result "0-1"]
[WhiteElo "2429"]
[BlackElo "2287"]
[Annotator "TA"]
[PlyCount "68"]
[EventDate "2018.07.10"]
[EventType "team-tourn"]
[EventCountry "GRE"]
[SourceTitle "playchess.com"]
[Source "ChessBase"]
[SourceQuality "1"]

1. d4 Nf6 2. c4 g6 3. Nc3 Bg7 4. e4 d6 5. h3 O-O 6. Be3 e5 7. d5 Na6 8. g4 c6 9. Nf3 Nc5 10. Nd2 a5 11. Be2 Bd7 12. g5 Ne8 13. h4 f5 14. h5 Rf7 15. Qc2 Rc8 16. O-O-O cxd5 17. Nxd5 Be6 18. Nc3 b5 19. Nxb5 Rb7 20. Nc3 Na6 21. f3 Nb4 22. Qa4 Bd7 23. Qa3 d5 24. Nxd5 Nxd5 25. exd5 f4 26. Bc5 e4 27. b3 a4 28. b4 Rxc5 29. bxc5 Qb8 30. Nb3 axb3 31. c6 Qe5 32. Rd4 Qxd4 33. cxb7 Qa1+ 34. Kd2 Bc3# 0-1

[Event "46th GRE-chT Premier 2018"]
[Site "Rio Achaia"]
[Date "2018.07.12"]
[Round "4"]
[White "Zysk, Robert"]
[Black "Firman, Nazar"]
[Result "0-1"]
[WhiteElo "2421"]
[BlackElo "2512"]
[Annotator "TA"]
[PlyCount "42"]
[EventDate "2018.07.10"]
[EventType "team-tourn"]
[EventCountry "GRE"]
[SourceTitle "playchess.com"]
[Source "ChessBase"]
[SourceQuality "1"]

1. Nf3 c5 2. c4 Nc6 3. Nc3 g6 4. g3 Bg7 5. Bg2 e5 6. d3 Nge7 7. a3 O-O 8. O-O a6 9. Rb1 Rb8 10. b4 cxb4 11. axb4 b5 12. c5 f5 13. Ng5 Kh8 14. Qb3 d5 15. Nxd5 Nd4 16. Qa2 Nxd5 17. Qxd5 Nxe2+ 18. Kh1 Qxd5 19. Bxd5 Nc3 20. Nf7+ Rxf7 21. Bxf7 Bb7+ 0-1

[Event "46th GRE-chT Premier 2018"]
[Site "Rio Achaia"]
[Date "2018.07.12"]
[Round "4"]
[White "Souleidis, Georgios"]
[Black "Kourousis, Epaminondas"]
[Result "1-0"]
[WhiteElo "2415"]
[BlackElo "2399"]
[Annotator "TA"]
[PlyCount "77"]
[EventDate "2018.07.10"]
[EventType "team-tourn"]
[EventCountry "GRE"]
[SourceTitle "playchess.com"]
[Source "ChessBase"]
[SourceQuality "1"]

1. e4 c6 2. d4 d5 3. e5 Bf5 4. h4 h6 5. g4 Bd7 6. Nc3 c5 7. dxc5 e6 8. Be3 Qc8 9. Qd2 Bxc5 10. Bxc5 Qxc5 11. O-O-O Ne7 12. h5 b5 13. f4 b4 14. Nce2 Nbc6 15. Nf3 a5 16. Kb1 Qf2 17. Rh3 O-O 18. Qd3 Bc8 19. Rh2 Qc5 20. Ned4 Ba6 21. Qd2 Bxf1 22. Rxf1 Nxd4 23. Nxd4 Nc6 24. Nxc6 Qxc6 25. g5 Kh8 26. gxh6 gxh6 27. f5 exf5 28. Rxf5 Rg8 29. Rh1 Rg7 30. Rf6 Qc5 31. Rhf1 Kg8 32. Rxh6 Re8 33. Rhf6 Rxe5 34. h6 Rg1 35. Rxf7 Reg5 36. Qe1 Rxf1 37. Rxf1 Kh7 38. Rf7+ Kxh6 39. Qh4+ 1-0

[Event "46th GRE-chT Premier 2018"]
[Site "Rio Achaia"]
[Date "2018.07.12"]
[Round "4"]
[White "Prince, Bajaj"]
[Black "Boruchovsky, Avital"]
[Result "0-1"]
[WhiteElo "2404"]
[BlackElo "2558"]
[Annotator "TA"]
[PlyCount "124"]
[EventDate "2018.07.10"]
[EventType "team-tourn"]
[EventCountry "GRE"]
[SourceTitle "playchess.com"]
[Source "ChessBase"]
[SourceQuality "1"]

1. e4 e5 2. Nf3 Nc6 3. Bb5 a6 4. Ba4 Nf6 5. O-O Be7 6. Re1 b5 7. Bb3 d6 8. c3 O-O 9. h3 Bb7 10. d4 Nd7 11. a4 Re8 12. Na3 exd4 13. cxd4 Bf6 14. Bf4 Na5 15. Bc2 b4 16. Nb1 c5 17. Bxd6 Nc4 18. dxc5 Nxb2 19. Qe2 Rc8 20. Nbd2 Nxc5 21. e5 Bxe5 22. Nxe5 Qxd6 23. Qh5 g6 24. Nxf7 Qxd2 25. Rxe8+ Rxe8 26. Qxc5 Re1+ 27. Rxe1 Qxe1+ 28. Kh2 Kxf7 29. Qc7+ Qe7 30. Bb3+ Kf8 31. Qf4+ Kg7 32. Qd4+ Qf6 33. Qd7+ Kh6 34. Qxb7 Nd3 35. Bg8 Qf4+ 36. Kh1 Nxf2+ 37. Kg1 Ne4 38. Qxh7+ Kg5 39. h4+ Qxh4 40. Qe7+ Nf6 41. Bb3 Qd4+ 42. Kh2 a5 43. Bd1 Qc3 44. g3 Qd2+ 45. Be2 Qd4 46. Bd1 Qd2+ 47. Be2 Qc3 48. Bd1 Qd4 49. Bb3 Qf2+ 50. Kh3 Qf3 51. Kh2 Kg4 52. Bd1 Qxd1 53. Qe6+ Kf3 54. Qxf6+ Ke3 55. Qe5+ Kd3 56. Qxa5 b3 57. Qd5+ Kc2 58. Qe4+ Kc1 59. Kh3 b2 60. Qc4+ Qc2 61. Qf1+ Kd2 62. Qf2+ Kc3 0-1

[Event "46th GRE-chT Premier 2018"]
[Site "Rio Achaia"]
[Date "2018.07.12"]
[Round "4"]
[White "Dochev, Dimitar"]
[Black "Papaioannou, Ioannis"]
[Result "1/2-1/2"]
[WhiteElo "2399"]
[BlackElo "2647"]
[Annotator "TA"]
[PlyCount "96"]
[EventDate "2018.07.10"]
[EventType "team-tourn"]
[EventCountry "GRE"]
[SourceTitle "playchess.com"]
[Source "ChessBase"]
[SourceQuality "1"]

1. e4 c5 2. Nf3 d6 3. d4 cxd4 4. Nxd4 Nf6 5. Nc3 a6 6. Be3 e5 7. Nf3 Qc7 8. a4 Be7 9. a5 O-O 10. Be2 Nbd7 11. Nd2 Nc5 12. Nd5 Nxd5 13. exd5 Bf5 14. O-O Bg6 15. b4 Nd7 16. c4 f5 17. f3 Qd8 18. Kh1 Kh8 19. Nb3 f4 20. Bg1 Nf6 21. Bd3 Qe8 22. Qb1 e4 23. fxe4 Ng4 24. Nd4 Ne5 25. Ne6 f3 26. Nxf8 fxg2+ 27. Kxg2 Bxf8 28. Bd4 Nxd3 29. Rxf8+ Qxf8 30. Qxd3 Re8 31. Re1 Qf4 32. Kg1 Rxe4 33. Rxe4 Bxe4 34. Qe3 Qg4+ 35. Kf2 Bg6 36. Ke1 Bh5 37. c5 dxc5 38. bxc5 Qd1+ 39. Kf2 Qc2+ 40. Kg3 Qg6+ 41. Kf2 Qf5+ 42. Ke1 Qxd5 43. Qe5 Qh1+ 44. Kd2 Qg2+ 45. Kc3 Bf7 46. Qb8+ Bg8 47. Qg3 Qxg3+ 48. hxg3 Bd5 1/2-1/2

[Event "46th GRE-chT Premier 2018"]
[Site "Rio Achaia"]
[Date "2018.07.12"]
[Round "4"]
[White "Lekic, Dusan"]
[Black "Czarnota, Pawel"]
[Result "1/2-1/2"]
[WhiteElo "2356"]
[BlackElo "2549"]
[Annotator "TA"]
[PlyCount "76"]
[EventDate "2018.07.10"]
[EventType "team-tourn"]
[EventCountry "GRE"]
[SourceTitle "playchess.com"]
[Source "ChessBase"]
[SourceQuality "1"]

1. d4 Nf6 2. c4 g6 3. Nc3 Bg7 4. e4 d6 5. Nf3 O-O 6. Be2 Nbd7 7. O-O e5 8. Be3 Qe7 9. Qc2 c6 10. Rad1 exd4 11. Nxd4 Re8 12. f3 Ne5 13. Rfe1 a6 14. h3 c5 15. Nb3 Be6 16. Nd5 Bxd5 17. cxd5 h6 18. Qc1 g5 19. h4 gxh4 20. Bxh6 Ng6 21. Bg5 Qf8 22. Na5 Nh5 23. Nc4 b5 24. Na5 Be5 25. Bh6 Qe7 26. Nc6 Qf6 27. Bg5 Qg7 28. Bh6 Bxb2 29. Qg5 Qh8 30. Qxh5 Bg7 31. e5 dxe5 32. d6 Qxh6 33. Qxh6 Bxh6 34. d7 Red8 35. Nxd8 Rxd8 36. Bd3 Rxd7 37. Bxg6 Rxd1 38. Rxd1 fxg6 1/2-1/2

[Event "46th GRE-chT Premier 2018"]
[Site "Rio Achaia"]
[Date "2018.07.12"]
[Round "4"]
[White "Dorfanis, Ilarion"]
[Black "Georgiadis, Ioannis"]
[Result "0-1"]
[WhiteElo "2179"]
[BlackElo "2465"]
[Annotator "TA"]
[PlyCount "146"]
[EventDate "2018.07.10"]
[EventType "team-tourn"]
[EventCountry "GRE"]
[SourceTitle "playchess.com"]
[Source "ChessBase"]
[SourceQuality "1"]

1. Nf3 Nf6 2. c4 e6 3. Nc3 Bb4 4. Qc2 O-O 5. a3 Bxc3 6. Qxc3 d6 7. b4 e5 8. Bb2 a5 9. e3 Re8 10. Be2 axb4 11. axb4 Rxa1+ 12. Bxa1 b6 13. O-O Bb7 14. d3 Nbd7 15. Bb2 Nf8 16. Nd2 Ne6 17. Bf3 Bxf3 18. Nxf3 b5 19. Ra1 Qb8 20. Ra5 bxc4 21. dxc4 Qb7 22. Nd2 h5 23. Qa3 Rb8 24. Rb5 Qc8 25. Rxb8 Qxb8 26. Qa4 Nc5 27. Qa3 Nce4 28. Nxe4 Nxe4 29. f3 Nf6 30. Kf2 Nd7 31. Bc3 Qb7 32. Qa4 Nf6 33. b5 Qc8 34. Ke2 Qf5 35. Qd1 Qg5 36. Qg1 Nd7 37. e4 f5 38. Bd2 Qg6 39. exf5 Qf7 40. Qc1 Qxf5 41. Qc3 e4 42. Qd4 exf3+ 43. gxf3 Nb6 44. Bc3 Qf7 45. c5 dxc5 46. Qxc5 Qa2+ 47. Bd2 Qe6+ 48. Kf2 Nd5 49. Qd4 Qd6 50. Kg1 Qg6+ 51. Kf2 Qd6 52. Kg2 Kf7 53. Qc4 Qe6 54. Kf2 Qe5 55. Bf4 Qxf4 56. Qxd5+ Kg6 57. Qe6+ Kh7 58. h3 Qh2+ 59. Ke3 Qg1+ 60. Kf4 Qc1+ 61. Ke5 Qe3+ 62. Kd5 Qxf3+ 63. Qe4+ Qxe4+ 64. Kxe4 g5 65. Kf5 Kh6 66. Ke6 g4 67. hxg4 hxg4 68. Kd7 g3 69. Kxc7 g2 70. b6 g1=Q 71. b7 Qc5+ 72. Kd8 Qd6+ 73. Kc8 Qc6+ 0-1

[Event "46th GRE-chT Premier 2018"]
[Site "Rio Achaia"]
[Date "2018.07.12"]
[Round "4"]
[White "Gkogkas, Dimitrios"]
[Black "Papadopoulos, Ioannis K"]
[Result "1/2-1/2"]
[WhiteElo "2038"]
[BlackElo "2410"]
[Annotator "TA"]
[PlyCount "49"]
[EventDate "2018.07.10"]
[EventType "team-tourn"]
[EventCountry "GRE"]
[SourceTitle "playchess.com"]
[Source "ChessBase"]
[SourceQuality "1"]

1. d4 Nf6 2. Nf3 e6 3. Bf4 c5 4. e3 Be7 5. h3 O-O 6. c3 b6 7. Nbd2 Bb7 8. Bd3 d5 9. O-O Nc6 10. Ne5 Nxe5 11. Bxe5 Nd7 12. Bg3 a6 13. a4 Re8 14. Qb1 g6 15. b4 c4 16. Bc2 Bf8 17. Nf3 a5 18. b5 Bg7 19. Rd1 f5 20. Ne5 Nf6 21. Bh4 Qc7 22. Bg3 Qe7 23. Bh4 Qc7 24. Bg3 Qe7 25. Bh4 1/2-1/2

[Event "46th GRE-chT Premier 2018"]
[Site "Rio Achaia"]
[Date "2018.07.12"]
[Round "4"]
[White "Chatzieleftheriou, Andreas"]
[Black "Vlachos, Anatole"]
[Result "1-0"]
[WhiteElo "2012"]
[BlackElo "2428"]
[Annotator "TA"]
[PlyCount "79"]
[EventDate "2018.07.10"]
[EventType "team-tourn"]
[EventCountry "GRE"]
[SourceTitle "playchess.com"]
[Source "ChessBase"]
[SourceQuality "1"]

1. e4 c5 2. Nf3 d6 3. Bb5+ Nc6 4. Bxc6+ bxc6 5. e5 Bg4 6. h3 Bh5 7. d3 e6 8. exd6 Bxd6 9. Nc3 Nf6 10. Qe2 Qc7 11. g4 Bg6 12. b3 O-O 13. Bb2 Bf4 14. Na4 e5 15. Nh4 e4 16. Nxg6 fxg6 17. Bxf6 exd3 18. Qxd3 Rae8+ 19. Kf1 Rxf6 20. Kg2 Be5 21. Raf1 Bd6 22. Re1 Ref8 23. Re2 Kh8 24. Nc3 Rf3 25. Qxf3 Rxf3 26. Kxf3 h5 27. Ne4 Qf7+ 28. Kg2 Bc7 29. c4 Qe7 30. Rhe1 Kh7 31. g5 Be5 32. f4 Kh8 33. Ng3 Qf7 34. fxe5 Qe6 35. Re4 Kg8 36. h4 Kf7 37. Rd1 Ke7 38. Rd6 Qc8 39. Rxg6 Qa6 40. Re2 1-0

[Event "46th GRE-chT Premier 2018"]
[Site "Rio Achaia"]
[Date "2018.07.13"]
[Round "5"]
[White "Saric, Ivan"]
[Black "Almasi, Zoltan"]
[Result "0-1"]
[WhiteElo "2689"]
[BlackElo "2699"]
[Annotator "TA"]
[PlyCount "76"]
[EventDate "2018.07.10"]
[EventType "team-tourn"]
[EventCountry "GRE"]
[SourceTitle "playchess.com"]
[Source "ChessBase"]
[SourceQuality "1"]

1. e4 e5 2. Nf3 Nc6 3. d4 exd4 4. Nxd4 Nf6 5. Nxc6 bxc6 6. e5 Qe7 7. Qe2 Nd5 8. c4 Nb6 9. Nc3 Bb7 10. Bd2 O-O-O 11. O-O-O Re8 12. Re1 Qb4 13. Kb1 Ba6 14. Nd5 Qa4 15. Nxb6+ axb6 16. g3 f6 17. f4 fxe5 18. fxe5 Bb4 19. Bh3 Re7 20. b3 Qa5 21. Bxb4 Qxb4 22. Rd1 Rd8 23. Rhe1 Kb8 24. Qb2 Bc8 25. a3 Qc5 26. Re4 Rf8 27. b4 Qf2 28. Re2 Qf7 29. c5 Qh5 30. Bg2 Rf2 31. Rde1 Rxe2 32. Qxe2 Qf5+ 33. Ka1 d6 34. cxd6 cxd6 35. Qd2 Qd7 36. Qf2 Qc7 37. Rc1 d5 38. Qf4 Rxe5 0-1

[Event "46th GRE-chT Premier 2018"]
[Site "Rio Achaia"]
[Date "2018.07.13"]
[Round "5"]
[White "Safarli, Eltaj"]
[Black "Papaioannou, Ioannis"]
[Result "1-0"]
[WhiteElo "2667"]
[BlackElo "2647"]
[Annotator "TA"]
[PlyCount "71"]
[EventDate "2018.07.10"]
[EventType "team-tourn"]
[EventCountry "GRE"]
[SourceTitle "playchess.com"]
[Source "ChessBase"]
[SourceQuality "1"]

1. e4 c5 2. Nf3 d6 3. d4 cxd4 4. Nxd4 Nf6 5. Nc3 a6 6. h3 e5 7. Nb3 Be6 8. f4 exf4 9. Bxf4 Nc6 10. Qe2 Be7 11. O-O-O Qc7 12. g4 O-O 13. g5 Nd7 14. Nd5 Bxd5 15. exd5 Nce5 16. h4 Rfe8 17. h5 Nc5 18. Kb1 Bf8 19. Qh2 Ne4 20. Bh3 a5 21. Bf5 a4 22. Bxe4 axb3 23. cxb3 Qa5 24. a3 Ng4 25. Qg2 Rxe4 26. Qxe4 Nf2 27. Qd4 Nxd1 28. Rxd1 Qb5 29. Qd3 Qd7 30. Rg1 g6 31. h6 Re8 32. Bd2 Re5 33. Bc3 Rf5 34. Qe4 Qb5 35. Re1 Qxb3 36. Qe8 1-0

[Event "46th GRE-chT Premier 2018"]
[Site "Rio Achaia"]
[Date "2018.07.13"]
[Round "5"]
[White "Fedorchuk, Sergey A"]
[Black "Banikas, Hristos"]
[Result "1-0"]
[WhiteElo "2626"]
[BlackElo "2591"]
[Annotator "ChessBase"]
[PlyCount "131"]
[EventDate "2018.07.10"]
[EventType "team-tourn"]
[EventCountry "GRE"]
[SourceTitle "playchess.com"]
[Source "ChessBase"]
[SourceQuality "1"]

1. e4 c5 2. Nf3 d6 3. d4 cxd4 4. Nxd4 Nf6 5. Nc3 a6 6. Be2 e5 7. Nf3 Be7 8. a4 O-O 9. Bg5 Be6 10. Bxf6 Bxf6 11. Nd5 Bxd5 12. Qxd5 Qb6 13. O-O Nc6 14. Qd2 Rac8 15. a5 Qc5 16. Ra4 Nd4 17. Nxd4 exd4 18. Rc4 Qe5 19. Rxc8 Rxc8 20. Bd3 Bd8 21. b4 Qe6 22. f4 Qa2 23. Qe2 Be7 24. Qh5 Qe6 25. g3 Rc7 26. Kg2 g6 27. Qd5 Qxd5 28. exd5 Bd8 29. h4 Re7 30. f5 Re5 31. Rf4 b5 32. Rxd4 Bf6 33. Rf4 gxf5 34. c4 Re3 35. cxb5 axb5 36. Bxb5 Ra3 37. a6 Kf8 38. Be2 Bd8 39. b5 Ra2 40. Kf1 Ra1+ 41. Kg2 Ra2 42. Kf3 Ra3+ 43. Kf2 Bb6+ 44. Ke1 Ba5+ 45. Kd1 Bb6 46. Rc4 Ra1+ 47. Kd2 Ra2+ 48. Ke1 Ra1+ 49. Bd1 Rb1 50. Rc8+ Kg7 51. Rb8 Ba7 52. Rb7 Bc5 53. a7 Bxa7 54. Rxa7 Rxb5 55. Bf3 f4 56. gxf4 Rb4 57. Kf2 Rxf4 58. Kg3 Rf6 59. Ra4 Kf8 60. Rf4 Rg6+ 61. Rg4 Rf6 62. Be4 Rh6 63. Rf4 Rh5 64. Bf5 Kg7 65. Kg4 Rh6 66. Bd3 1-0

[Event "46th GRE-chT Premier 2018"]
[Site "Rio Achaia"]
[Date "2018.07.13"]
[Round "5"]
[White "Yilmaz, Mustafa"]
[Black "Mihok, Oliver"]
[Result "1-0"]
[WhiteElo "2624"]
[BlackElo "2550"]
[Annotator "TA"]
[PlyCount "97"]
[EventDate "2018.07.10"]
[EventType "team-tourn"]
[EventCountry "GRE"]
[SourceTitle "playchess.com"]
[Source "ChessBase"]
[SourceQuality "1"]

1. d4 d5 2. c4 c6 3. Nc3 Nf6 4. e3 e6 5. Nf3 Nbd7 6. Qc2 Bd6 7. Bd3 O-O 8. O-O dxc4 9. Bxc4 a6 10. e4 e5 11. Rd1 Qc7 12. h3 b5 13. Bb3 exd4 14. Nxd4 Nc5 15. Bg5 Be5 16. Bxf6 Bxf6 17. Nxc6 Nxb3 18. Nd5 Nxa1 19. Qc5 Qb7 20. Nce7+ Bxe7 21. Nxe7+ Kh8 22. Ng6+ hxg6 23. Qxf8+ Kh7 24. Rd8 g5 25. Qh8+ Kg6 26. Rg8 f5 27. exf5+ Bxf5 28. Rxa8 Qc6 29. Qe8+ Qxe8 30. Rxe8 a5 31. Re5 Bd3 32. Re6+ Kf5 33. Re3 Be4 34. Rc3 Kf6 35. f3 Bc2 36. Kf2 a4 37. Rc6+ Kf7 38. Ke2 b4 39. Kd2 b3 40. Rc7+ Kf6 41. axb3 Bf5 42. bxa4 Nb3+ 43. Kc3 Be6 44. Kb4 g6 45. a5 Ke5 46. a6 Bd5 47. Rd7 Nd4 48. Kc5 Ne6+ 49. Kb6 1-0

[Event "46th GRE-chT Premier 2018"]
[Site "Rio Achaia"]
[Date "2018.07.13"]
[Round "5"]
[White "Erdos, Viktor"]
[Black "Warakomski, Tomasz"]
[Result "1/2-1/2"]
[WhiteElo "2619"]
[BlackElo "2505"]
[Annotator "TA"]
[PlyCount "73"]
[EventDate "2018.07.10"]
[EventType "team-tourn"]
[EventCountry "GRE"]
[SourceTitle "playchess.com"]
[Source "ChessBase"]
[SourceQuality "1"]

1. Nf3 d5 2. g3 Nf6 3. Bg2 c6 4. O-O Bf5 5. d3 e6 6. Nfd2 Bc5 7. e4 Bg6 8. Kh1 h5 9. h3 h4 10. g4 dxe4 11. dxe4 e5 12. Qe2 Nbd7 13. Nc3 Nh7 14. Nc4 Ng5 15. Na4 Be7 16. Bxg5 Bxg5 17. Nd6+ Kf8 18. Nxb7 Qb8 19. Qa6 Qc7 20. Rad1 Kg8 21. Nd6 Rb8 22. Nc4 Rb5 23. Nc3 Rc5 24. Nd6 Nf8 25. Qb7 Qxb7 26. Nxb7 Rc4 27. Na5 Rc5 28. Nb3 Rc4 29. Na5 Rc5 30. Nb3 Rc4 31. Rd6 Be7 32. Rd3 Ne6 33. Na5 Rc5 34. Nb3 Rc4 35. Na5 Rc5 36. Nb7 Rc4 37. Na5 1/2-1/2

[Event "46th GRE-chT Premier 2018"]
[Site "Rio Achaia"]
[Date "2018.07.13"]
[Round "5"]
[White "Lupulescu, Constantin"]
[Black "Kanakaris, Georgios"]
[Result "1-0"]
[WhiteElo "2617"]
[BlackElo "2409"]
[Annotator "ChessBase"]
[PlyCount "59"]
[EventDate "2018.07.10"]
[EventType "team-tourn"]
[EventCountry "GRE"]
[SourceTitle "playchess.com"]
[Source "ChessBase"]
[SourceQuality "1"]

1. d4 Nf6 2. c4 g6 3. Nc3 Bg7 4. e4 d6 5. h3 O-O 6. Be3 Nc6 7. Qd2 e5 8. d5 Nd4 9. Nge2 Re8 10. f3 c5 11. dxc6 bxc6 12. Nxd4 exd4 13. Bxd4 d5 14. cxd5 cxd5 15. Bb5 Re6 16. e5 Nh5 17. O-O-O Ng3 18. Rhe1 Bb7 19. Kb1 h5 20. Bd3 h4 21. Na4 Bc6 22. Nc5 Re8 23. Qc3 Qe7 24. e6 f5 25. Nd7 Bxd4 26. Qxd4 Bxd7 27. exd7 Qxd7 28. Bc4 Kh7 29. Bxd5 Rxe1 30. Bg8+ 1-0

[Event "46th GRE-chT Premier 2018"]
[Site "Rio Achaia"]
[Date "2018.07.13"]
[Round "5"]
[White "Postny, Evgeny"]
[Black "Nedev, Trajko"]
[Result "1/2-1/2"]
[WhiteElo "2585"]
[BlackElo "2490"]
[Annotator "TA"]
[PlyCount "85"]
[EventDate "2018.07.10"]
[EventType "team-tourn"]
[EventCountry "GRE"]
[SourceTitle "playchess.com"]
[Source "ChessBase"]
[SourceQuality "1"]

1. d4 Nf6 2. c4 g6 3. Nc3 Bg7 4. e4 d6 5. Nf3 O-O 6. Be2 e5 7. d5 a5 8. h3 Na6 9. Bg5 Qe8 10. Nd2 Nd7 11. a3 f6 12. Be3 f5 13. f3 Qe7 14. b4 Bh6 15. Bf2 Nf6 16. c5 dxc5 17. Bxa6 Rxa6 18. Bxc5 Qd8 19. b5 Ra8 20. Ra2 c6 21. dxc6 Be6 22. Rc2 Rf7 23. exf5 gxf5 24. Nf1 Qe8 25. Qe2 bxc6 26. b6 Rb8 27. Be3 Bg7 28. Nd2 Nd5 29. Na4 Qe7 30. Nc5 Nxe3 31. Qxe3 Bd5 32. b7 e4 33. fxe4 fxe4 34. Rf1 Rxf1+ 35. Nxf1 Qh4+ 36. Qg3 Qxg3+ 37. Nxg3 Bf8 38. Ngxe4 Bxe4 39. Nxe4 Rxb7 40. a4 Rb4 41. Nc5 Bxc5 42. Rxc5 Rxa4 43. Rxc6 1/2-1/2

[Event "46th GRE-chT Premier 2018"]
[Site "Rio Achaia"]
[Date "2018.07.13"]
[Round "5"]
[White "Mastrovasilis, Dimitrios"]
[Black "David, Alberto"]
[Result "1/2-1/2"]
[WhiteElo "2580"]
[BlackElo "2549"]
[Annotator "TA"]
[PlyCount "48"]
[EventDate "2018.07.10"]
[EventType "team-tourn"]
[EventCountry "GRE"]
[SourceTitle "playchess.com"]
[Source "ChessBase"]
[SourceQuality "1"]

1. e4 c6 2. d4 d5 3. Nd2 dxe4 4. Nxe4 Nf6 5. Nxf6+ exf6 6. Bc4 Bd6 7. Qe2+ Qe7 8. Nf3 Qxe2+ 9. Bxe2 O-O 10. O-O Bf5 11. c4 Re8 12. Be3 Nd7 13. Rfe1 Bb4 14. Red1 Bd6 15. Kf1 Rad8 16. h3 Bc2 17. Re1 Nf8 18. Rac1 Be4 19. Nd2 Bf5 20. Bg4 Bd3+ 21. Be2 Bf5 22. Bg4 Bd3+ 23. Be2 Bf5 24. Bg4 Bd3+ 1/2-1/2